TV Series by Wives Quiz Stats

 Plays Quiz Updated Oct 8, 2012

Challenge
Share
Tweet
Score 0/20 Timer 05:00
1 Play Today
Number TV show % Correct
The Brady Bunch (Carol Brady)
85.7%
The Cosby Show (Clair Huxtable)
85.6%
That '70s Show (Kitty Forman)
82.9%
Married... with Children (Peggy Bundy)
81.8%
Everybody Loves Raymond (Debra Barone)
79%
Malcolm in the Middle (Lois)
70.4%
All in the Family (Edith Bunker)
66.6%
Modern Family (Claire Dunphy)
62.9%
Mad About You (Jamie Buchman)
60.7%
My Name Is Earl (Joy Turner)
59.1%
Number TV show % Correct
Mad Men (Betty Draper)
55.1%
The Sopranos (Carmela Soprano)
52.1%
Arrested Development (Lucille Bluth)
48.1%
Family Ties (Elyse Keaton)
47.1%
Dynasty (Krystle Carrington)
40.1%
Dallas (Sue Ellen Ewing)
39.1%
Curb Your Enthusiasm (Cheryl David)
34.8%
Breaking Bad (Skyler White)
27.2%
Six Feet Under (Ruth Fisher)
24%
Dexter (Rita Bennett)
20.2%

You're not logged in!

Compare scores with friends on all Sporcle quizzes.
Join for Free
OR
Log In

You Might Also Like...

Show Comments

Extras

Top Quizzes Today


Score Distribution

Your Account Isn't Verified!

In order to create a playlist on Sporcle, you need to verify the email address you used during registration. Go to your Sporcle Settings to finish the process.

Report this User

Report this user for behavior that violates our Community Guidelines.

Details: